[Event "DVM U10 2023"]
[Site "Magdeburg GER"]
[Date "2023.12.27"]
[Round "2"]
[White "Kurakin, Martin"]
[Black "Horras, Jonathan"]
[Result "0-1"]
[Termination "normal"]
[Board "3.4"]
[WhiteElo "1064"]
[BlackElo "1109"]
[WhiteClock "00:25:26"]
[BlackClock "00:26:25"]
[WhiteTeam "Düsseldorfer SK 14/25"]
[BlackTeam "SK Zehlendorf"]
[PlyCount "66"]
[WhiteFideId "4519949"]
[BlackFideId "34681990"]
[EventCountry "GER"]
[EventRounds "7"]
[EventType "team-swiss"]
[EventDate "2023.12.27"]

1. e4 {[%clk 00:55:09]} e5 {[%emt 00:00:09]} 2. Nf3 {[%emt 00:00:05]} Nc6
{[%clk 00:54:33]} {[%emt 00:00:24]} 3. d4 {[%clk 00:55:08]} {[%emt 00:00:06]}
d5 {[%clk 00:53:04]} {[%emt 00:01:34]} 4. exd5 {[%clk 00:55:02]} {[%emt
00:00:11]} Qxd5 {[%clk 00:52:35]} {[%emt 00:00:33]} 5. Nc3 {[%clk 00:54:58]}
{[%emt 00:00:09]} Qd6 {[%clk 00:50:41]} {[%emt 00:01:58]} 6. Bc4 {[%clk
00:54:03]} {[%emt 00:00:59]} exd4 {[%clk 00:49:55]} {[%emt 00:00:53]} 7. Ne2
{[%clk 00:52:51]} {[%emt 00:01:16]} Qb4+ {[%clk 00:49:23]} {[%emt 00:00:39]} 8.
Bd2 {[%clk 00:52:26]} {[%emt 00:00:30]} Qxc4 {[%clk 00:49:03]} {[%emt
00:00:24]} 9. O-O {[%clk 00:52:07]} {[%emt 00:00:25]} Bg4 {[%clk 00:48:13]}
{[%emt 00:00:54]} 10. Ng3 {[%clk 00:49:09]} {[%emt 00:03:04]} O-O-O {[%clk
00:47:32]} {[%emt 00:00:45]} 11. h3 {[%clk 00:48:03]} {[%emt 00:01:11]} Bxf3
{[%clk 00:46:14]} {[%emt 00:01:23]} 12. Qxf3 {[%clk 00:47:41]} {[%emt
00:00:26]} Qxc2 {[%clk 00:45:54]} {[%emt 00:00:26]} 13. Rfd1 {[%clk 00:47:31]}
{[%emt 00:00:15]} Nf6 {[%clk 00:45:09]} {[%emt 00:00:51]} 14. Nf1 {[%clk
00:41:07]} {[%emt 00:06:27]} Qxb2 {[%clk 00:42:54]} {[%emt 00:01:53]} 15. Qf5+
{[%clk 00:39:30]} {[%emt 00:02:10]} Kb8 {[%clk 00:42:10]} {[%emt 00:00:47]} 16.
Rdb1 {[%clk 00:39:18]} {[%emt 00:00:16]} Qa3 {[%clk 00:41:24]} {[%emt
00:00:54]} 17. Qf3 {[%clk 00:39:13]} {[%emt 00:00:12]} Qxf3 {[%clk 00:40:30]}
{[%emt 00:00:58]} 18. gxf3 {[%clk 00:39:13]} {[%emt 00:00:05]} Bd6 {[%clk
00:38:39]} {[%emt 00:02:04]} 19. a4 {[%clk 00:37:19]} {[%emt 00:02:00]} Ne5
{[%clk 00:37:53]} {[%emt 00:00:51]} 20. Nh2 {[%clk 00:36:59]} {[%emt 00:00:25]}
Nd3 {[%clk 00:37:29]} {[%emt 00:00:29]} 21. a5 {[%clk 00:35:41]} {[%emt
00:01:24]} Bxh2+ {[%clk 00:37:23]} {[%emt 00:00:10]} 22. Kxh2 {[%emt 00:00:12]}
Nxf2 {[%emt 00:00:10]} 23. a6 {[%clk 00:35:14]} {[%emt 00:00:10]} b6 {[%clk
00:37:14]} {[%emt 00:00:15]} 24. Ra3 {[%clk 00:35:09]} {[%emt 00:00:10]} Rhe8
{[%clk 00:36:31]} {[%emt 00:00:47]} 25. Kg2 {[%clk 00:33:41]} {[%emt 00:01:33]}
Re2 {[%clk 00:36:17]} {[%emt 00:00:18]} 26. Ba5 {[%clk 00:32:18]} {[%emt
00:01:23]} d3 {[%clk 00:32:52]} {[%emt 00:03:37]} 27. Kf1 {[%clk 00:28:50]}
{[%emt 00:03:31]} Nxh3 {[%clk 00:29:43]} {[%emt 00:03:15]} 28. f4 {[%clk
00:26:36]} {[%emt 00:02:19]} Rf2+ {[%clk 00:29:21]} {[%emt 00:00:26]} 29. Ke1
{[%clk 00:26:26]} {[%emt 00:00:17]} Re8+ {[%clk 00:29:16]} {[%emt 00:00:10]}
30. Kd1 {[%clk 00:26:00]} {[%emt 00:00:30]} Rf1+ {[%clk 00:29:07]} {[%emt
00:00:15]} 31. Kd2 {[%clk 00:25:52]} {[%emt 00:00:13]} Rxb1 {[%clk 00:29:03]}
{[%emt 00:00:07]} 32. Bc3 {[%clk 00:25:40]} {[%emt 00:00:19]} Nxf4 {[%clk
00:28:27]} {[%emt 00:00:39]} 33. Ra4 {[%clk 00:25:26]} {[%emt 00:00:20]} Re2#
{[%clk 00:26:25]} {[%emt 00:00:27]} 0-1

[Event "DVM U10 2023"]
[Site "Magdeburg GER"]
[Date "2023.12.27"]
[Round "2"]
[White "Heins, Simon"]
[Black "Fadeev, Justin Michael"]
[Result "0-1"]
[Termination "normal"]
[Board "4.1"]
[WhiteElo "1377"]
[BlackElo "1484"]
[WhiteClock "00:39:09"]
[BlackClock "00:18:28"]
[WhiteTeam "Hamburger SK 1830"]
[BlackTeam "Barnimer SF im SV Stahl Finow"]
[PlyCount "70"]
[WhiteFideId "34660194"]
[BlackFideId "34602968"]
[EventCountry "GER"]
[EventRounds "7"]
[EventType "team-swiss"]
[EventDate "2023.12.27"]

1. e4 {[%clk 00:55:08]} {[%emt 00:00:02]} e6 {[%clk 00:55:02]} {[%emt
00:00:08]} 2. d4 {[%clk 00:54:49]} {[%emt 00:00:24]} d5 {[%clk 00:55:02]}
{[%emt 00:00:05]} 3. exd5 {[%clk 00:54:25]} {[%emt 00:00:29]} exd5 {[%clk
00:55:02]} {[%emt 00:00:06]} 4. Bd3 {[%clk 00:54:19]} {[%emt 00:00:10]} Bd6
{[%clk 00:55:00]} {[%emt 00:00:07]} 5. c3 {[%clk 00:54:15]} {[%emt 00:00:09]}
c6 {[%clk 00:54:21]} {[%emt 00:00:44]} 6. Ne2 {[%clk 00:54:13]} {[%emt
00:00:07]} Ne7 {[%clk 00:54:20]} {[%emt 00:00:06]} 7. Be3 {[%clk 00:53:57]}
{[%emt 00:00:21]} O-O {[%clk 00:53:59]} {[%emt 00:00:26]} 8. Qc2 {[%clk
00:53:58]} {[%emt 00:00:04]} h6 {[%clk 00:48:57]} {[%emt 00:05:07]} 9. Nd2
{[%clk 00:53:16]} {[%emt 00:00:47]} Qc7 {[%clk 00:45:48]} {[%emt 00:03:14]} 10.
O-O-O {[%clk 00:52:23]} {[%emt 00:00:58]} a5 {[%clk 00:45:14]} {[%emt
00:00:40]} 11. g4 {[%clk 00:52:14]} {[%emt 00:00:13]} b5 {[%clk 00:42:52]}
{[%emt 00:02:28]} 12. g5 {[%clk 00:52:03]} {[%emt 00:00:16]} h5 {[%clk
00:40:43]} {[%emt 00:02:13]} 13. Ng3 {[%clk 00:51:09]} {[%emt 00:00:58]} g6
{[%clk 00:40:30]} {[%emt 00:00:19]} 14. Rdf1 {[%clk 00:49:17]} {[%emt
00:01:58]} Bh3 {[%clk 00:38:57]} {[%emt 00:01:37]} 15. Re1 {[%clk 00:49:05]}
{[%emt 00:00:17]} Re8 {[%clk 00:36:28]} {[%emt 00:02:35]} 16. Nb3 {[%clk
00:47:24]} {[%emt 00:01:45]} Nd7 {[%clk 00:31:21]} {[%emt 00:05:12]} 17. Bf1
{[%clk 00:46:29]} {[%emt 00:01:00]} Be6 {[%clk 00:27:28]} {[%emt 00:03:59]} 18.
Bg2 {[%clk 00:46:12]} {[%emt 00:00:21]} Nf5 {[%clk 00:26:49]} {[%emt 00:00:44]}
19. Nxf5 {[%clk 00:43:55]} {[%emt 00:02:22]} Bxf5 {[%clk 00:26:48]} {[%emt
00:00:06]} 20. Qd2 {[%clk 00:43:49]} {[%emt 00:00:08]} Nb6 {[%clk 00:26:09]}
{[%emt 00:00:48]} 21. Bf1 {[%clk 00:43:04]} {[%emt 00:00:48]} Be4 {[%clk
00:25:22]} {[%emt 00:00:53]} 22. f3 {[%clk 00:42:39]} {[%emt 00:00:29]} Bxf3
{[%clk 00:25:09]} {[%emt 00:00:19]} 23. Bg2 {[%clk 00:42:39]} {[%emt 00:00:05]}
Nc4 {[%clk 00:25:08]} {[%emt 00:00:07]} 24. Qf2 {[%clk 00:41:54]} {[%emt
00:00:48]} Bxg2 {[%clk 00:25:02]} {[%emt 00:00:12]} 25. Qxg2 {[%clk 00:41:54]}
{[%emt 00:00:05]} Rxe3 {[%clk 00:23:53]} {[%emt 00:01:14]} 26. Qf2 {[%clk
00:41:21]} {[%emt 00:00:37]} Rae8 {[%clk 00:23:07]} {[%emt 00:00:51]} 27. Rxe3
{[%clk 00:41:09]} {[%emt 00:00:17]} Rxe3 {[%clk 00:22:56]} {[%emt 00:00:17]}
28. Rf1 {[%clk 00:41:06]} {[%emt 00:00:08]} Qe7 {[%clk 00:22:40]} {[%emt
00:00:22]} 29. Kd1 {[%clk 00:39:56]} {[%emt 00:01:14]} a4 {[%clk 00:21:35]}
{[%emt 00:01:10]} 30. Nc5 {[%clk 00:39:43]} {[%emt 00:00:18]} Bxc5 {[%clk
00:21:26]} {[%emt 00:00:14]} 31. dxc5 {[%clk 00:39:43]} {[%emt 00:00:05]} Rd3+
{[%clk 00:21:22]} {[%emt 00:00:09]} 32. Kc1 {[%clk 00:39:37]} {[%emt 00:00:11]}
Qxg5+ {[%clk 00:18:29]} {[%emt 00:02:58]} 33. Kb1 {[%clk 00:39:19]} {[%emt
00:00:23]} Nd2+ {[%clk 00:18:28]} {[%emt 00:00:06]} 34. Kc2 {[%clk 00:39:10]}
{[%emt 00:00:14]} Nxf1 {[%clk 00:18:25]} {[%emt 00:00:08]} 35. Kxd3 {[%clk
00:39:09]} {[%emt 00:00:06]} Qf5+ {[%clk 00:18:28]} {[%emt 00:00:03]} 0-1

[Event "DVM U10 2023"]
[Site "Magdeburg GER"]
[Date "2023.12.27"]
[Round "2"]
[White "Schmidt, Jossip"]
[Black "Marx, Jakob"]
[Result "0-1"]
[Termination "normal"]
[Board "4.2"]
[WhiteElo "1330"]
[BlackElo "1459"]
[WhiteClock "00:18:40"]
[BlackClock "00:38:07"]
[WhiteTeam "Barnimer SF im SV Stahl Finow"]
[BlackTeam "Hamburger SK 1830"]
[PlyCount "70"]
[WhiteFideId "34621148"]
[BlackFideId "34642722"]
[EventCountry "GER"]
[EventRounds "7"]
[EventType "team-swiss"]
[EventDate "2023.12.27"]

1. d4 {[%clk 00:55:08]} {[%emt 00:00:01]} Nf6 {[%clk 00:55:05]} {[%emt
00:00:04]} 2. c4 {[%clk 00:55:04]} {[%emt 00:00:09]} g6 {[%clk 00:55:02]}
{[%emt 00:00:08]} 3. Nc3 {[%clk 00:54:44]} {[%emt 00:00:25]} Bg7 {[%clk
00:55:00]} {[%emt 00:00:07]} 4. e4 {[%clk 00:53:42]} {[%emt 00:01:07]} d6
{[%clk 00:54:57]} {[%emt 00:00:08]} 5. h3 {[%clk 00:52:36]} {[%emt 00:01:12]}
O-O {[%clk 00:54:41]} {[%emt 00:00:20]} 6. Be3 {[%clk 00:51:36]} {[%emt
00:01:05]} Nbd7 {[%clk 00:54:24]} {[%emt 00:00:23]} 7. g4 {[%clk 00:50:32]}
{[%emt 00:01:08]} e5 {[%clk 00:53:08]} {[%emt 00:01:21]} 8. d5 {[%clk
00:50:26]} {[%emt 00:00:11]} Ne8 {[%clk 00:53:02]} {[%emt 00:00:11]} 9. Qd2
{[%clk 00:46:26]} {[%emt 00:04:05]} Bh8 {[%clk 00:51:28]} {[%emt 00:01:39]} 10.
Bd3 {[%clk 00:42:17]} {[%emt 00:04:14]} Nc5 {[%clk 00:51:03]} {[%emt 00:00:31]}
11. Nge2 {[%clk 00:39:31]} {[%emt 00:02:50]} Nxd3+ {[%clk 00:50:32]} {[%emt
00:00:37]} 12. Qxd3 {[%clk 00:39:24]} {[%emt 00:00:11]} a6 {[%clk 00:47:46]}
{[%emt 00:02:52]} 13. Kd2 {[%clk 00:35:43]} {[%emt 00:03:46]} Rb8 {[%clk
00:47:19]} {[%emt 00:00:31]} 14. a4 {[%clk 00:34:42]} {[%emt 00:01:06]} a5
{[%clk 00:46:58]} {[%emt 00:00:28]} 15. c5 {[%clk 00:32:31]} {[%emt 00:02:15]}
c6 {[%clk 00:46:38]} {[%emt 00:00:25]} 16. Rab1 {[%clk 00:31:01]} {[%emt
00:01:35]} cxd5 {[%clk 00:45:45]} {[%emt 00:00:56]} 17. Nxd5 {[%clk 00:29:59]}
{[%emt 00:01:08]} dxc5 {[%clk 00:45:21]} {[%emt 00:00:30]} 18. Bxc5 {[%clk
00:29:38]} {[%emt 00:00:25]} Nd6 {[%clk 00:45:19]} {[%emt 00:00:07]} 19. Bb6
{[%clk 00:28:27]} {[%emt 00:01:17]} Qe8 {[%clk 00:44:15]} {[%emt 00:01:09]} 20.
Bc7 {[%emt 00:00:20]} Nxe4+ {[%emt 00:01:19]} 21. Qxe4 {[%clk 00:26:26]} {[%emt
00:00:27]} f5 {[%clk 00:43:54]} {[%emt 00:00:26]} 22. gxf5 {[%clk 00:25:46]}
{[%emt 00:00:44]} Bxf5 {[%clk 00:43:52]} {[%emt 00:00:08]} 23. Qc4 {[%clk
00:25:38]} {[%emt 00:00:13]} Qd7 {[%clk 00:42:52]} {[%emt 00:01:05]} 24. Ke3
{[%clk 00:24:15]} {[%emt 00:01:29]} Be6 {[%clk 00:42:11]} {[%emt 00:00:44]} 25.
Rbd1 {[%clk 00:22:28]} {[%emt 00:01:53]} Rbc8 {[%clk 00:40:56]} {[%emt
00:01:20]} 26. Nf6+ {[%clk 00:22:01]} {[%emt 00:00:31]} Bxf6 {[%clk 00:40:47]}
{[%emt 00:00:15]} 27. Rxd7 {[%clk 00:21:41]} {[%emt 00:00:24]} Bxc4 {[%clk
00:40:45]} {[%emt 00:00:08]} 28. Bxa5 {[%clk 00:20:32]} {[%emt 00:01:14]} Bg5+
{[%clk 00:40:19]} {[%emt 00:00:30]} 29. f4 {[%clk 00:20:08]} {[%emt 00:00:28]}
exf4+ {[%clk 00:39:22]} {[%emt 00:01:03]} 30. Kf3 {[%clk 00:19:42]} {[%emt
00:00:30]} Bxe2+ {[%clk 00:39:05]} {[%emt 00:00:22]} 31. Kxe2 {[%clk 00:19:35]}
{[%emt 00:00:13]} f3+ {[%clk 00:38:55]} {[%emt 00:00:15]} 32. Kf1 {[%clk
00:19:25]} {[%emt 00:00:15]} Rc1+ {[%clk 00:38:36]} {[%emt 00:00:24]} 33. Be1
{[%clk 00:19:24]} {[%emt 00:00:06]} f2 {[%clk 00:38:34]} {[%emt 00:00:07]} 34.
Ke2 {[%clk 00:18:40]} {[%emt 00:00:49]} fxe1=Q+ {[%emt 00:00:16]} 35. Rxe1
{[%emt 00:00:06]} Re8+ {[%clk 00:38:07]} {[%emt 00:00:10]} 0-1

[Event "DVM U10 2023"]
[Site "Magdeburg GER"]
[Date "2023.12.27"]
[Round "2"]
[White "Winklmann, Alexander"]
[Black "Rauhut, Max"]
[Result "1-0"]
[Termination "normal"]
[Board "4.3"]
[WhiteElo "917"]
[BlackElo "1173"]
[WhiteClock "00:05:01"]
[BlackClock "00:02:46"]
[WhiteTeam "Hamburger SK 1830"]
[BlackTeam "Barnimer SF im SV Stahl Finow"]
[PlyCount "125"]
[BlackFideId "16292545"]
[EventCountry "GER"]
[EventRounds "7"]
[EventType "team-swiss"]
[EventDate "2023.12.27"]

1. e4 {[%clk 00:55:07]} {[%emt 00:00:02]} c5 {[%clk 00:55:05]} {[%emt
00:00:06]} 2. Nf3 {[%clk 00:55:05]} {[%emt 00:00:06]} g6 {[%clk 00:54:59]}
{[%emt 00:00:10]} 3. d4 {[%clk 00:54:50]} {[%emt 00:00:21]} cxd4 {[%clk
00:54:58]} {[%emt 00:00:07]} 4. Nxd4 {[%clk 00:54:46]} {[%emt 00:00:08]} Bg7
{[%clk 00:54:45]} {[%emt 00:00:17]} 5. Nc3 {[%clk 00:54:38]} {[%emt 00:00:14]}
Nc6 {[%clk 00:54:31]} {[%emt 00:00:20]} 6. Be3 {[%clk 00:54:24]} {[%emt
00:00:19]} e6 {[%clk 00:53:59]} {[%emt 00:00:37]} 7. Bc4 {[%clk 00:53:41]}
{[%emt 00:00:48]} Nge7 {[%clk 00:52:16]} {[%emt 00:01:47]} 8. Ndb5 {[%clk
00:50:12]} {[%emt 00:01:32]} O-O {[%clk 00:50:57]} {[%emt 00:03:26]} 9. Nd6
{[%clk 00:48:29]} {[%emt 00:01:48]} Ne5 {[%clk 00:47:00]} {[%emt 00:04:03]} 10.
Bb3 {[%clk 00:47:00]} {[%emt 00:01:32]} b6 {[%clk 00:42:05]} {[%emt 00:05:02]}
11. O-O {[%clk 00:44:35]} {[%emt 00:02:29]} Ba6 {[%clk 00:37:07]} {[%emt
00:05:04]} 12. Re1 {[%clk 00:43:34]} {[%emt 00:01:02]} Qc7 {[%clk 00:33:21]}
{[%emt 00:03:55]} 13. Ba4 {[%clk 00:40:47]} {[%emt 00:02:51]} Nc4 {[%clk
00:30:04]} {[%emt 00:03:22]} 14. Nxc4 {[%clk 00:36:44]} {[%emt 00:04:08]} Bxc4
{[%clk 00:23:22]} {[%emt 00:06:48]} 15. Qxd7 {[%clk 00:34:38]} {[%emt
00:02:09]} Qxd7 {[%clk 00:22:55]} {[%emt 00:00:34]} 16. Bxd7 {[%clk 00:34:31]}
{[%emt 00:00:11]} Rfd8 {[%clk 00:22:05]} {[%emt 00:00:55]} 17. Rad1 {[%emt
00:04:53]} Bxc3 {[%clk 00:20:15]} 18. bxc3 {[%clk 00:30:09]} {[%emt 00:01:33]}
Bxa2 {[%clk 00:18:58]} {[%emt 00:01:23]} 19. Ba4 {[%clk 00:29:21]} {[%emt
00:00:52]} Bc4 {[%clk 00:17:37]} {[%emt 00:01:26]} 20. Bd7 {[%clk 00:27:48]}
{[%emt 00:01:37]} Ba6 {[%clk 00:14:49]} {[%emt 00:02:53]} 21. Bg5 {[%clk
00:27:08]} {[%emt 00:00:43]} Kf8 {[%clk 00:14:04]} {[%emt 00:00:53]} 22. f4
{[%clk 00:22:51]} {[%emt 00:04:20]} Bc8 {[%clk 00:12:54]} {[%emt 00:01:16]} 23.
Bb5 {[%clk 00:21:36]} {[%emt 00:01:19]} Bb7 {[%clk 00:11:37]} {[%emt 00:01:23]}
24. Rd4 {[%clk 00:20:21]} {[%emt 00:01:19]} Rac8 {[%clk 00:10:04]} {[%emt
00:01:38]} 25. Rxd8+ {[%clk 00:19:09]} {[%emt 00:01:17]} Rxd8 {[%clk 00:09:57]}
{[%emt 00:00:14]} 26. f5 {[%clk 00:18:32]} {[%emt 00:00:40]} Rc8 {[%clk
00:07:52]} {[%emt 00:02:11]} 27. Bh6+ {[%clk 00:17:23]} {[%emt 00:01:14]} Kg8
{[%clk 00:07:43]} {[%emt 00:00:15]} 28. fxe6 {[%clk 00:16:22]} {[%emt
00:01:05]} Rxc3 {[%clk 00:06:10]} {[%emt 00:01:38]} 29. exf7+ {[%clk 00:15:45]}
{[%emt 00:00:42]} Kxf7 {[%clk 00:05:53]} {[%emt 00:00:23]} 30. Rf1+ {[%clk
00:15:27]} {[%emt 00:00:21]} Ke6 {[%clk 00:05:45]} {[%emt 00:00:12]} 31. Be8
{[%clk 00:13:47]} {[%emt 00:01:46]} Rxc2 {[%clk 00:04:59]} {[%emt 00:00:53]}
32. Bf7+ {[%clk 00:13:05]} {[%emt 00:00:46]} Kd7 {[%clk 00:04:06]} {[%emt
00:00:59]} 33. Rd1+ {[%clk 00:12:33]} {[%emt 00:00:34]} Kc6 {[%clk 00:03:57]}
{[%emt 00:00:16]} 34. Be8+ {[%clk 00:12:00]} {[%emt 00:00:37]} Kc5 {[%clk
00:03:46]} {[%emt 00:00:17]} 35. Be3+ {[%clk 00:11:27]} {[%emt 00:00:37]} Kc4
{[%clk 00:03:42]} {[%emt 00:00:09]} 36. Rd4+ {[%clk 00:10:54]} {[%emt
00:00:38]} Kc3 {[%clk 00:03:46]} {[%emt 00:00:02]} 37. Rd7 {[%clk 00:10:09]}
{[%emt 00:00:50]} Bxe4 {[%clk 00:03:45]} {[%emt 00:00:06]} 38. Rxe7 {[%clk
00:09:45]} {[%emt 00:00:28]} Rxg2+ {[%clk 00:03:47]} {[%emt 00:00:04]} 39. Kf1
{[%clk 00:09:33]} {[%emt 00:00:15]} Kd3 {[%clk 00:03:10]} {[%emt 00:00:43]} 40.
Bf2 {[%clk 00:08:48]} {[%emt 00:00:49]} Rxh2 {[%clk 00:02:52]} {[%emt
00:00:25]} 41. Bb5+ {[%clk 00:08:41]} {[%emt 00:00:12]} Kd2 {[%clk 00:02:27]}
{[%emt 00:00:31]} 42. Rxe4 {[%clk 00:08:31]} {[%emt 00:00:14]} Rh1+ {[%clk
00:02:21]} {[%emt 00:00:11]} 43. Kg2 {[%clk 00:08:23]} {[%emt 00:00:13]} Rh5
{[%clk 00:02:15]} {[%emt 00:00:09]} 44. Rd4+ {[%clk 00:08:08]} {[%emt
00:00:21]} Kc3 {[%clk 00:02:17]} {[%emt 00:00:05]} 45. Rd3+ {[%clk 00:07:42]}
{[%emt 00:00:29]} Kb4 {[%clk 00:02:18]} {[%emt 00:00:06]} 46. Bd7 {[%clk
00:07:16]} {[%emt 00:00:29]} Rg5+ {[%clk 00:02:20]} {[%emt 00:00:04]} 47. Kf1
{[%clk 00:07:02]} {[%emt 00:00:17]} a5 {[%clk 00:02:12]} {[%emt 00:00:15]} 48.
Rd4+ {[%clk 00:06:44]} {[%emt 00:00:22]} Kc5 {[%clk 00:02:12]} {[%emt
00:00:06]} 49. Rg4+ {[%clk 00:06:44]} {[%emt 00:00:04]} Kd6 {[%clk 00:02:15]}
{[%emt 00:00:03]} 50. Rxg5 {[%clk 00:06:35]} {[%emt 00:00:15]} Kxd7 {[%clk
00:02:19]} {[%emt 00:00:01]} 51. Bxb6 {[%clk 00:05:42]} {[%emt 00:00:57]} a4
{[%clk 00:02:21]} {[%emt 00:00:03]} 52. Ra5 {[%clk 00:05:31]} {[%emt 00:00:17]}
h5 {[%clk 00:02:25]} {[%emt 00:00:01]} 53. Rxa4 {[%clk 00:05:21]} {[%emt
00:00:15]} Ke6 {[%clk 00:02:27]} {[%emt 00:00:03]} 54. Rf4 {[%clk 00:05:14]}
{[%emt 00:00:10]} Ke5 {[%clk 00:02:27]} {[%emt 00:00:06]} 55. Bc7+ {[%clk
00:04:57]} {[%emt 00:00:22]} Ke6 {[%clk 00:02:27]} {[%emt 00:00:06]} 56. Re4+
{[%clk 00:04:57]} {[%emt 00:00:04]} Kf5 {[%clk 00:02:30]} {[%emt 00:00:03]} 57.
Rf4+ {[%clk 00:04:55]} {[%emt 00:00:06]} Kg5 {[%clk 00:02:30]} {[%emt
00:00:04]} 58. Kg2 {[%clk 00:04:58]} {[%emt 00:00:03]} Kh6 {[%clk 00:02:32]}
{[%emt 00:00:03]} 59. Kg3 {[%clk 00:05:00]} {[%emt 00:00:02]} g5 {[%clk
00:02:37]} 60. Rf6+ {[%clk 00:04:55]} {[%emt 00:00:11]} Kg7 {[%clk 00:02:41]}
{[%emt 00:00:02]} 61. Be5 {[%clk 00:04:55]} {[%emt 00:00:03]} Kg8 {[%clk
00:02:42]} {[%emt 00:00:05]} 62. Rg6+ {[%clk 00:04:58]} {[%emt 00:00:02]} Kf7
{[%clk 00:02:46]} {[%emt 00:00:01]} 63. Rxg5 {[%clk 00:05:01]} {[%emt
00:00:02]} *

[Event "DVM U10 2023"]
[Site "Magdeburg GER"]
[Date "2023.12.27"]
[Round "2"]
[White "Rung, Sjard Joris"]
[Black "Wengler, Linus"]
[Result "1-0"]
[Termination "normal"]
[Board "4.4"]
[WhiteElo "1012"]
[BlackElo "777"]
[WhiteClock "00:47:16"]
[BlackClock "00:43:55"]
[WhiteTeam "Barnimer SF im SV Stahl Finow"]
[BlackTeam "Hamburger SK 1830"]
[PlyCount "53"]
[WhiteFideId "34689818"]
[EventCountry "GER"]
[EventRounds "7"]
[EventType "team-swiss"]
[EventDate "2023.12.27"]

1. e4 {[%clk 00:55:07]} {[%emt 00:00:02]} e5 {[%clk 00:55:07]} {[%emt
00:00:04]} 2. Nf3 {[%clk 00:55:08]} {[%emt 00:00:04]} Nc6 {[%clk 00:55:03]}
{[%emt 00:00:09]} 3. Bc4 {[%clk 00:55:05]} {[%emt 00:00:08]} Bc5 {[%clk
00:54:53]} {[%emt 00:00:15]} 4. d3 {[%clk 00:54:52]} {[%emt 00:00:18]} Nf6
{[%clk 00:54:49]} {[%emt 00:00:09]} 5. Nc3 {[%clk 00:54:41]} {[%emt 00:00:16]}
O-O {[%clk 00:54:45]} {[%emt 00:00:09]} 6. Bg5 {[%clk 00:54:36]} {[%emt
00:00:10]} h6 {[%clk 00:54:37]} {[%emt 00:00:13]} 7. Bh4 {[%clk 00:54:30]}
{[%emt 00:00:10]} d6 {[%clk 00:54:23]} {[%emt 00:00:19]} 8. Nd5 {[%clk
00:54:13]} {[%emt 00:00:22]} Be6 {[%clk 00:53:17]} {[%emt 00:01:12]} 9. Nxf6+
{[%clk 00:53:49]} {[%emt 00:00:29]} gxf6 {[%clk 00:52:58]} {[%emt 00:00:16]}
10. Qd2 {[%clk 00:53:41]} {[%emt 00:00:21]} h5 {[%clk 00:51:54]} {[%emt
00:01:09]} 11. Qh6 {[%clk 00:53:15]} {[%emt 00:00:30]} Bxc4 {[%clk 00:51:32]}
{[%emt 00:00:27]} 12. Bxf6 {[%clk 00:52:58]} {[%emt 00:00:22]} Qxf6 {[%clk
00:50:22]} {[%emt 00:01:14]} 13. Qxf6 {[%clk 00:52:52]} {[%emt 00:00:13]} Ba6
{[%clk 00:50:00]} {[%emt 00:00:28]} 14. Qg5+ {[%clk 00:52:32]} {[%emt
00:00:24]} Kh7 {[%clk 00:49:32]} {[%emt 00:00:55]} 15. Qxh5+ {[%clk 00:54:12]}
{[%emt 00:00:58]} Kg8 {[%clk 00:49:09]} {[%emt 00:00:28]} 16. Ng5 {[%clk
00:54:02]} {[%emt 00:00:15]} Kg7 {[%clk 00:48:41]} {[%emt 00:00:34]} 17. Qh7+
{[%clk 00:53:44]} {[%emt 00:00:22]} Kf6 {[%clk 00:48:28]} {[%emt 00:00:18]} 18.
Qf5+ {[%clk 00:52:46]} {[%emt 00:01:02]} Kg7 {[%clk 00:48:20]} {[%emt
00:00:14]} 19. h4 {[%clk 00:50:44]} {[%emt 00:02:07]} Nb4 {[%clk 00:48:01]}
{[%emt 00:00:24]} 20. Kd1 {[%clk 00:49:51]} {[%emt 00:00:57]} Bb5 {[%clk
00:46:26]} {[%emt 00:01:41]} 21. Rh3 {[%clk 00:49:36]} {[%emt 00:00:20]} Rad8
{[%clk 00:46:13]} {[%emt 00:00:19]} 22. Rg3 {[%clk 00:49:18]} {[%emt 00:00:22]}
Rg8 {[%clk 00:45:23]} {[%emt 00:00:54]} 23. Nf3+ {[%clk 00:48:15]} {[%emt
00:01:09]} Kf8 {[%clk 00:44:46]} {[%emt 00:00:41]} 24. Ng5 {[%clk 00:47:44]}
{[%emt 00:00:37]} Rd7 {[%clk 00:44:25]} {[%emt 00:00:27]} 25. Nh7+ {[%clk
00:47:16]} {[%emt 00:00:31]} Ke7 {[%clk 00:43:55]} {[%emt 00:00:35]} 26. Qf6+
{[%emt 00:01:02]} Kd8 {[%emt 00:00:03]} 27. Rxg8# {[%emt 00:00:11]} 1-0